| 000 | 01523cam a2200481 a 4500 | ||
|---|---|---|---|
| 001 | 21316 | ||
| 003 | VRT | ||
| 005 | 20260226125821.0 | ||
| 008 | 180122s2016 xo ab a 000 0 slo | ||
| 015 | _aSNBA2017/05 | ||
| 020 |
_a9788080884765 _q(viaz.) |
||
| 039 | 9 |
_a202504231110 _bAUTHORITY _c201801221454 _dVLOAD _c201801190921 _dAUTHORITY _c201705031143 _dmsnk24 |
|
| 040 |
_aTTKJF _bslo _cTTKJF _dSNK _eAACR2 |
||
| 041 | 1 |
_aslo _hund |
|
| 043 | _ax------ | ||
| 044 |
_axo _cSK |
||
| 072 | 7 |
_a59 _xZoológia _2konspekt |
|
| 072 | 7 |
_a0/9-053.2 _xLiteratúra pre deti a mládež (náučná) _2konspekt |
|
| 080 |
_a592/599 _22011 |
||
| 080 |
_a(0.025.2) _22011 |
||
| 080 |
_a(0.05) _22011 |
||
| 080 |
_a(100) _22011 |
||
| 245 | 0 | 0 |
_aAtlas kráľovstva zvierat _c[preklad Monika Srnková] |
| 260 |
_aBratislava _bMatys _cc2016 |
||
| 300 |
_a[18] s. _bfareb. ilustr., mp. _c23 x 23 cm |
||
| 500 | _aKartónové listy | ||
| 650 | 0 | 7 |
_azvieratá _2SNKPH |
| 650 | 0 | 7 |
_aAnimals _2SNKPHeng |
| 651 | 7 |
_aCountries of the world _2SNKPHeng |
|
| 651 | 7 |
_akrajiny sveta _2SNKPH |
|
| 655 | 7 |
_apublikácie pre deti _2SNKPH |
|
| 655 | 7 |
_aleporelá _2SNKPH |
|
| 655 | 7 |
_aChildren's literature _2SNKPHeng |
|
| 655 | 7 |
_aPicture books for children _2SNKPHeng |
|
| 700 | 1 |
_aSrnková, Monika _4trl |
|
| 910 | _attkjf | ||
| 910 | _apokpoh | ||
| 910 | _ahevk | ||
| 910 | _asnk | ||
| 942 |
_2ddc _cOLDE _n0 |
||
| 949 |
_617A1257139 _asnkSC 174191 _bsnk2017/9110 _o856/2017 |
||
| 949 |
_617A1257140 _asnkSC 174191 D1 _bsnk2017/9111 _o856/2017 |
||
| 999 |
_c21316 _d21316 |
||